000 00461nam a22001697a 4500
003 OSt
005 20251125093458.0
008 251125b |||||||| |||| 00| 0 eng d
020 _a978-0-525-42103-0
040 _aDWC-Main lib.
_cOC
082 _aFic. F724i 2010
100 _aForman, Gayle
245 _aIf I stay :
_ba novel/
_cGayle Forman
260 _aNew York :
_bPenguin Group,
_cc2009.
300 _a262 p. ;
_c21 cm.
942 _2ddc
_cFIC.
_hFic.
_n0
999 _c6170
_d6170